000 00629nam a2200193Ia 4500
003 GCL
008 140319s9999 xx 000 0 ara d
040 _aGCL /
_cGCL
082 0 4 _a347.04
_bر ش
100 1 _aرمسيس بهنام
245 1 0 _aشرح الجرائم المضرة بالمصلحة العمومية /
_cرمسيس بهنام
260 _a[S.N] :
_bمكتبه النهضه المصريه ،
_c1990
300 _a500 ص
490 _aالكتب القانونية
_v0
650 0 4 _aالقانون الجنائى
650 0 4 _aالقانون
650 0 4 _aالجريمة والمجرمون
942 _2ddc
_cBK
999 _c27969
_d27969